La coopération, aide ou néo-colonialisme? / (Registro nro. 105910)

Detalles MARC
000 -LEADER
campo de control de longitud fija 00674nam a2200229 i 4500
001 - NÚMERO DE CONTROL
campo de control 105910
003 - IDENTIFICADOR DE NÚMERO DE CONTROL
campo de control ES-MaACL
005 - FECHA Y HORA DE LA ÚLTIMA TRANSACCIÓN
campo de control 20230906184016.0
007 - CAMPO FIJO DE DESCRIPCIÓN FÍSICA--INFORMACIÓN GENERAL
campo de control de longitud fija t|
008 - DATOS DE LONGITUD FIJA--INFORMACIÓN GENERAL
campo de control de longitud fija 060912s1973 fr ||||1| fre d
080 ## - NÚMERO DE LA CLASIFICACIÓN DECIMAL UNIVERSAL
Número de la Clasificación Decimal Universal 341.232
100 1# - ENTRADA PRINCIPAL--NOMBRE DE PERSONA
Nombre de persona Fuchs, Yves.
9 (RLIN) 52814
245 13 - MENCIÓN DEL TÍTULO
Título La coopération, aide ou néo-colonialisme? /
Mención de responsabilidad, etc. Yves Fuchs.
260 ## - PUBLICACIÓN, DISTRIBUCIÓN, ETC.
Lugar de publicación, distribución, etc. Paris :
Nombre del editor, distribuidor, etc. Editions Sociales,
Fecha de publicación, distribución, etc. [1973]
300 ## - DESCRIPCIÓN FÍSICA
Extensión 190 p. ;
Dimensiones 18 cm.
490 1# - MENCIÓN DE SERIE
Mención de serie Notre temps/Monde ;
Designación de volumen o secuencia 5
500 ## - NOTA GENERAL
Nota general Biblioteca Juan Andrade.
650 #4 - PUNTO DE ACCESO ADICIONAL DE MATERIA--TÉRMINO DE MATERIA
Término de materia o nombre geográfico como elemento de entrada Cooperación internacional.
9 (RLIN) 11350
830 0# - PUNTO DE ACCESO ADICIONAL DE SERIE-TÍTULO UNIFORME
Título uniforme Notre temps/Monde ;
Designación de volumen o secuencia 5
9 (RLIN) 232783
852 ## - LOCALIZACIÓN
Ubicación ES-MaACL
Número de control de estantería AND-932
Sublocalización o colección R.110220
Existencias
Estatus retirado Estado de pérdida Estado de daño No para préstamo Biblioteca de origen Biblioteca actual Ubicación en estantería Fecha de adquisición Fuente de adquisición Total de préstamos Signatura topográfica completa Código de barras Visto por última vez Precio de reemplazo Tipo de ítem Koha
        Biblioteca del Ateneo de Madrid Biblioteca del Ateneo de Madrid Depósito 2 17/01/2008     AND-932 1110571 23/02/2023 23/02/2023 Libro impreso